000 01414nam a2200421 c 4500
999 _c163665
_d163665
003 BLK
005 20241003135148.0
008 180410b bul|||||r ||||||| ||bul||
010 _aKNG00171120000
020 _a978-954-2925-25-3
040 _aBLK
041 _aBUL
_cBUL
072 7 _2bullib
_aЯ
_xАвтографи
072 7 _2bullib
_aК
_xКраезнание
072 7 _2bullib
_aН8400
_xБългарска поезия Н
072 7 _2bullib
_aРА
_xРусенски автори
080 _aБългарска литература
_b821.163.2
_x-1
_z821.163.2-1
100 1 _aНиколов, Венцеслав Михайлов
_d1943-
_eпърви автор
_9102597
139 _aНиколов, Венцеслав Михайлов
_bН 74
245 1 0 _aНа бис
_cВенцеслав Михайлов Николов.
257 _aBGR
260 _bМарс 09
_c2014
_fСофия : Симолини
300 _a68 с.
_c21 см
380 _aX
500 _aСъдържа и за авт.
653 _aстихотворения
659 _aК
659 _aН
659 _aЯ
852 _aЦб 272623
852 _aК 821.163.2/Н 74 В
856 4 _qpdf
856 4 _qpdf
942 _cKNG
_n0
_s1
944 _aCR
_c12.02.2015
_lГеновева Генчева
_k30560
944 _aED
_c16.07.2015
_lф /
_kПенка_Димитрова
999 _d163665